<?xml version="1.0" encoding="UTF-8"?><?xml-stylesheet type="text/xsl" href="static/style.xsl"?><OAI-PMH xmlns="http://www.openarchives.org/OAI/2.0/" xmlns:xsi="http://www.w3.org/2001/XMLSchema-instance" xsi:schemaLocation="http://www.openarchives.org/OAI/2.0/ http://www.openarchives.org/OAI/2.0/OAI-PMH.xsd"><responseDate>2026-04-14T15:18:53Z</responseDate><request verb="GetRecord" identifier="oai:uvadoc.uva.es:10324/18656" metadataPrefix="marc">https://uvadoc.uva.es/oai/request</request><GetRecord><record><header><identifier>oai:uvadoc.uva.es:10324/18656</identifier><datestamp>2021-06-29T15:50:54Z</datestamp><setSpec>com_10324_38</setSpec><setSpec>col_10324_852</setSpec></header><metadata><record xmlns="http://www.loc.gov/MARC21/slim" xmlns:doc="http://www.lyncode.com/xoai" xmlns:xsi="http://www.w3.org/2001/XMLSchema-instance" xmlns:dcterms="http://purl.org/dc/terms/" xsi:schemaLocation="http://www.loc.gov/MARC21/slim http://www.loc.gov/standards/marcxml/schema/MARC21slim.xsd">
<leader>00925njm 22002777a 4500</leader>
<datafield tag="042" ind1=" " ind2=" ">
<subfield code="a">dc</subfield>
</datafield>
<datafield tag="720" ind1=" " ind2=" ">
<subfield code="a">García Calvo, Laura</subfield>
<subfield code="e">author</subfield>
</datafield>
<datafield tag="260" ind1=" " ind2=" ">
<subfield code="c">2016</subfield>
</datafield>
<datafield tag="520" ind1=" " ind2=" ">
<subfield code="a">Estudio observacional descriptivo de las distintas formas de presentación de la enfermedad celiaca en niños en nuestro medio, y la prevalencia de alteraciones del metabolismo del hierro al diagnóstico. Se revisan los últimos 60 casos diagnosticados en edad pediátrica en una consulta de digestivo en los últimos 6 años, describiendo sus características clínicas y analíticas y métodos diagnósticos utilizados. El 63.3% fueron mujeres, y el 80% fueron formas clásicas, el 8.3% formas oligosintomáticas, y el 11.7% formas detectadas en despistaje en grupos de riesgo. La edad media al diagnóstico fue de 48.53 + 38.14 meses en la serie global, y de 41.45, 71.8, y 80.42 meses en los 3 grupos mencionados, significativamente superior en este último grupo. Presentaron al diagnóstico ferropenia latente, ferropenia manifiesta, microcitosis y anemia ferropénica, el 58.3%, 43.3%, 20% y 3.3% respectivamente, sin diferencias estadísticamente significativas en dichos porcentajes entre los 3 grupos diagnósticos. A partir de la aparición de los nuevos criterios diagnósticos en enero de 2012, el 71.9% de los niños diagnosticados lo fueron sin realización de biopsia intestinal, obligada en los diagnósticos previos a dicha fecha</subfield>
</datafield>
<datafield tag="024" ind2=" " ind1="8">
<subfield code="a">http://uvadoc.uva.es/handle/10324/18656</subfield>
</datafield>
<datafield ind1=" " ind2=" " tag="653">
<subfield code="a">Enfermedad Celíaca</subfield>
</datafield>
<datafield ind1=" " ind2=" " tag="653">
<subfield code="a">Hierro - Metabolismo</subfield>
</datafield>
<datafield tag="245" ind1="0" ind2="0">
<subfield code="a">Metabolismo del hierro al diágnostico de la enfermedad celíaca en pediatría en función de su forma de presentación</subfield>
</datafield>
</record></metadata></record></GetRecord></OAI-PMH>